000 00407nab a22001097u 4500
008 130520b2004 xxu||||| |||| 00| 0 spa d
041 _aspa
100 1 _aCarriedo Tejedo, Manuel
_967731
245 0 0 _aCuarenta obispos de Galicia, de 561 a 711 (anteriores a la invasión musulmana)
_cManuel Carriedo Tejedo
773 0 _tEstudios Mindonienses
_gV.20, nº20,2004,págs. 773-848
_x0213-4357
_wRev196
942 _cAR
999 _c370865
_d370865